| 000 | nam a22 7a 4500 | ||
|---|---|---|---|
| 999 |
_c126844 _d126844 |
||
| 008 | 170830b xxu||||| |||| 00| 0 eng d | ||
| 050 | _aBS580.W58C33 1989 | ||
| 100 |
_aCady, Susan _935420 |
||
| 245 |
_aWisdom's Feast _bSophia in study and celebration _c/ Susan Cady |
||
| 260 |
_aSan Franscisco _bHarper and Row Publishers _c1989 |
||
| 300 |
_axii, 228p. ; _c24cm. |
||
| 650 |
_aWisdom (Biblical character ) _935421 |
||
| 650 |
_aWisdom (Biblical character) _xPrayer books and devotions _xEnglish _935422 |
||
| 650 |
_aWisdom _xBiblical teaching _935423 |
||
| 650 |
_aSpirituallity _935424 |
||
| 650 |
_aFeminity of God _935425 |
||
| 700 |
_aRonah, Marian _935426 |
||
| 700 |
_aTaussig, Hal _935427 |
||
| 942 |
_2lcc _cMONOGRAPH |
||